Inventos (Registo nº 4444)
[ vista simples ]
| 000 -Etiqueta do registo | |
|---|---|
| Cabeçalho | 00712nam a2200253 4500 |
| 005 - Identificador da versão | |
| Campo de controlo | 20240813122101.0 |
| 010 ## - Número internacional normalizado dos livros (ISBN) | |
| Número (ISBN) | 9727300960 |
| 035 ## - Other System Control Numbers | |
| System Control Number | CMPEN_BC_151.iso/08-07-2009/11774 |
| System Control Number | 2195327 |
| 100 ## - Dados gerais de processamento | |
| Dados gerais de processamento | 19980310d1997 a y0pory5003 ba |
| 102 ## - Pais de publicação ou produção | |
| País de publicação | Portugal |
| 101 1# - Língua de publicação | |
| Língua do texto, banda sonora, etc. | Português |
| Língua do documento no original | Inglês |
| 215 ## - Descrição física | |
| Indicação específica da natureza do documento e extensão da espécie | 88p |
| Outras indicações físicas | il |
| Dimensões | 31cm |
| 200 1# - Titulo e menção de responsabilidade | |
| Título próprio | Inventos |
| Primeira menção de responsabilidade | direcção editorial de Rogério Moreira |
| Outras menções de responsabilidade | tradução de Cristina Soeiro |
| 225 1# - Colecção | |
| Título próprio da colecção | A Minha Primeira Biblioteca |
| Indicação de volume | 20 |
| 205 ## - Menção da edição | |
| Menção da edição | 1ªed |
| 210 ## - Publicação, Distribuição, etc. | |
| Lugar da edição, distribuição, etc. | Estoril |
| Nome do editor, distribuidor, etc. | Marus |
| Data da publicação, distribuição, etc. | 1997 |
| 675 ## - Classificação Decimal Universal (CDU) | |
| Notação | 62(08) |
| Edição | 2 |
| Língua da edição | por |
| 702 #1 - Nome de autor-pessoa física (responsabilidade secundária) | |
| Número de registo de entrada de autoridade | 0000663 |
| Palavra de ordem | Soeiro |
| Outra parte do nome não tomada para palavra de ordem | Cristina |
| Código de função | Tradutor |
| Número de registo de entrada de autoridade | 0000665 |
| Palavra de ordem | Moreira |
| Outra parte do nome não tomada para palavra de ordem | Rogério |
| Código de função | Diretor / Director teatral / Realizador |
| 942 ## - Elementos de entrada adicionados (Koha) | |
| Tipo de item no Koha | Livro |
| Situação do levantamento | Origin of item (home branch) (coded) | Biblioteca de empréstimo | Código de barras | Cota | Circulation type (not for loan) | Tipo de documento | Nota do exemplar | Damaged status |
|---|---|---|---|---|---|---|---|---|
| Biblioteca Escolar das Vendas | Biblioteca Escolar das Vendas | BEV1346/06 | 2006 | 6 INV | Livro | Sem mensagem |
